Arabian Cuisine by Images - Statistics

General Stats
  • This quiz has been taken 37 times
  • The average score is 5 of 16
Answer Stats
Picture Answer % Correct
Hummus
94%
Falafel
89%
Baklava
75%
Shawarma
61%
Tabbouleh
42%
Kibbeh
33%
Kabsa
25%
Fattoush
22%
Halva
22%
Shish tawook
8%
Labneh
6%
Sabich
3%
Al Harees
0%
Fatteh
0%
Kousa Mahshi
0%
Shirin Polo
0%
No matching quizzes found
Score Distribution
Percent of People with Each Score
Percentile by Number Answered
Your Score History
You have not taken this quiz